JESUS, ANNO 23-N.04 (APRILE 2001) (Record no. 146805)
[ view plain ]
| 000 -LEADER | |
|---|---|
| fixed length control field | 01083nas a2200277Ia 4500 |
| 001 - CONTROL NUMBER | |
| control field | R455/G6829 |
| 003 - CONTROL NUMBER IDENTIFIER | |
| control field | IT-RoPAU |
| 008 - FIXED-LENGTH DATA ELEMENTS--GENERAL INFORMATION | |
| fixed length control field | 151124c99999999xx |||||||||||| ||und|| |
| 040 ## - CATALOGING SOURCE | |
| Original cataloging agency | IT-RoPAU |
| 040 ## - CATALOGING SOURCE | |
| Transcribing agency | IT-RoPAU |
| 041 ## - LANGUAGE CODE | |
| Language code of text/sound track or separate title | ITALIANO |
| 100 ## - MAIN ENTRY--PERSONAL NAME | |
| Personal name | Damilano Marco |
| Miscellaneous information | Codice Aut. SPICS: 54595 |
| 210 ## - ABBREVIATED TITLE | |
| Abbreviated title | JESUS |
| 222 ## - KEY TITLE | |
| Key title | Jesus |
| 245 ## - TITLE STATEMENT | |
| Title | JESUS, ANNO 23-N.04 (APRILE 2001) |
| Remainder of title | Anno Domini 2000: Il Profeta Galileo |
| 250 ## - EDITION STATEMENT | |
| Edition statement | 1a ed. |
| 260 ## - PUBLICATION, DISTRIBUTION, ETC. (IMPRINT) | |
| Place of publication, distribution, etc. | ALBA (CN) |
| Name of publisher, distributor, etc. | PERIODICI SAN PAOLO |
| Date of publication, distribution, etc. | 2001 |
| 300 ## - PHYSICAL DESCRIPTION | |
| Extent | 6 p. [74-79] |
| 362 ## - DATES OF PUBLICATION AND/OR SEQUENTIAL DESIGNATION | |
| Dates of publication and/or sequential designation | ANNO 023, N.04 (APRILE 2001) |
| 501 ## - WITH NOTE | |
| -- | Paulus - SPICS - Società San Paolo EM (non-commercial uses only) |
| -- | Copyright2015 |
| 500 ## - GENERAL NOTE | |
| General note | Viaggio Alle Radici Spirituali della Modernità. Lo Scienziato Pisano, Autore del Dialogo Sui Massimi Sistemi, Fu Tutt'Altro che un Nemico della Chiesa. Cattolico Fedelissimo, Era Preoccupato che la Gerarchia Non Perdesse Unincontro Storico con il Progress |
| 650 ## - SUBJECT ADDED ENTRY--TOPICAL TERM | |
| Topical term or geographic name as entry element | PASTORALE |
| Form subdivision | PUBBLICAZIONE PERIODICA |
| 700 ## - ADDED ENTRY--PERSONAL NAME | |
| Personal name | Valle Annachiara |
| 700 ## - ADDED ENTRY--PERSONAL NAME | |
| Miscellaneous information | Codice Aut. SPICS: 54920 |
| 942 ## - ADDED ENTRY ELEMENTS (KOHA) | |
| Koha item type | RIVISTA |
| Withdrawn status | Lost status | Damaged status | Not for loan | Home library | Current library | Date acquired | Total Checkouts | Full call number | Date last seen | Price effective from | Koha item type | Public note |
|---|---|---|---|---|---|---|---|---|---|---|---|---|
| Buone Condizioni | Not For Loan | SPICS-MEDIATECA | SPICS-MEDIATECA | 25/11/2015 | R455/G6829 | 25/11/2015 | 25/11/2015 | RIVISTA | Progr. Ins: 80124 / Copia rara: NO / date import: 25.11.2015 / By Epidotti, Trombetti, Vaglietti |